Probability, random processes, and ergodic properties /

Bibliographic Details
Main Author: Gray, Robert M., 1943-
Format: Book
Language:English
Published: New York : Springer-Verlag, [1988]
Subjects:

MARC

Tag First Indicator Second Indicator Subfields
LEADER 00000cam a2200000 a 4500
001 in00000017841
005 20151007053057.0
008 871001s1988 nyu b 00110 eng
010 |a  87028429  
020 |a 0387966552 :  |c $47.50 (est.) 
035 |a (OCoLC)16869233 
035 |9 AAB0319AM 
040 |a DLC  |c DLC  |d TXA  |d UtOrBLW 
049 |a TXAM  |c [A11467369] 
050 0 0 |a QA273  |b .G683 1988 
082 0 |a 519.2  |2 19 
100 1 |a Gray, Robert M.,  |d 1943- 
245 1 0 |a Probability, random processes, and ergodic properties /  |c Robert M. Gray. 
264 1 |a New York :  |b Springer-Verlag,  |c [1988] 
264 4 |c ©1988 
300 |a xvi, 295 pages ;  |c 24 cm. 
336 |a text  |b txt  |2 rdacontent 
337 |a unmediated  |b n  |2 rdamedia 
338 |a volume  |b nc  |2 rdacarrier 
504 |a Bibliography: pages 284-288. 
500 |a Includes index. 
650 0 |a Probabilities. 
650 0 |a Measure theory. 
650 0 |a Stochastic processes. 
999 |a MARS 
999 f f |s e5cd5f2c-dda1-3b5c-91e9-1bd334077948  |i f7c00bfa-d7e7-3901-ad1e-110625f8b698  |t 0 
952 f f |p normal  |a Texas A&M University  |b College Station  |c Sterling C. Evans Library  |d Evans: Library Stacks  |t 0  |e QA273 .G683 1988  |h Library of Congress classification  |i unmediated -- volume  |m A14811467369 
998 f f |a QA273 .G683 1988  |t 0  |l Evans: Library Stacks